000 00786nam a22002297a 4500
999 _c607
_d607
003 AR-CdUCM
008 190225b ||||| |||| 00| 0 spa d
020 _a9506140596
040 _aMUNICIPALIDAD PROVINCIAL DEL CUSCO
_cBIBLIOTECA MUNICIPAL DEL CUSCO
082 _a869.335 /
_bN44
100 _aNeruda, Pablo
_92359
245 _aCanto general /
260 _aArgentina :
_bOrbis,
_c1950.
300 _a431 páginas ;
_c20 cm.
440 _aPremio Nobel 1971.
_n23
_92360
505 _aContenido: La lámpara en la tierra -- Alturas de Macchu Picchu -- Los conquistadores -- Los libertadores -- Túpac Amaru (1781) ...
650 _aPoesías Chilenas
_92361
650 _aDescubrimiento y conquista
_92362
650 _aAmérica Latina
_91130
942 _2ddc
_cLIBROS
945 _aachl